书目信息 |
| 题名: |
青少年安全教育指导师培训参考教材
|
|
| 作者: | 路琦 主编 | |
| 分册: | ||
| 出版信息: | 北京 光明日报出版社 2019.09 |
|
| 页数: | 278页 | |
| 开本: | 24cm | |
| 丛书名: | ||
| 单 册: | ||
| 中图分类: | G634.201 | |
| 科图分类: | ||
| 主题词: | 安全教育--中小学--教材 | |
| 电子资源: | ||
| ISBN: | 978-7-5194-5525-5 | |
| 000 | 01087nam0 2200229 450 | |
| 001 | 0103152647 | |
| 005 | 20201103152730.0 | |
| 010 | @a978-7-5194-5525-5@dCNY68.00 | |
| 100 | @a20190911d2019 em y0chiy0110 ea | |
| 101 | 0 | @achi |
| 102 | @aCN@b110000 | |
| 105 | @ay z 000yy | |
| 106 | @ar | |
| 200 | 1 | @a青少年安全教育指导师培训参考教材@Aqing shao nian an quan jiao yu zhi dao shi pei xun can kao jiao cai@f路琦主编 |
| 210 | @a北京@c光明日报出版社@d2019.09 | |
| 215 | @a278页@d24cm | |
| 330 | @a撰写本书的各位作者都是来自各个安全领域专家和教授,他们结合我国现有的法律法规,利用发生在我们身边的鲜活而生动的案例,为青少年安全教育工作者和热心安全教育工作的各行业人士提供权威的、科学的、专业的安全指导。为了提高本书的实操性,我们请专业的团队制作了标准的教案,让青少年安全教育指导师的学员们可以更加直观,通俗易懂。通过学习可以让他达到宣传宣讲要求,让他们走进校园,走进社区去指导安全工作,让更多的家长青少年学生受益。 | |
| 606 | 0 | @a安全教育@x中小学@j教材 |
| 690 | @aG634.201@v5 | |
| 701 | 0 | @a路琦@Alu qi@4主编 |
| 801 | 0 | @aCN@bBJSZM@c20201103 |
| 905 | @b1256031-5@dG634.201@e1742@f5 | |
| 青少年安全教育指导师培训参考教材/路琦主编.-北京:光明日报出版社,2019.09 |
| 278页;24cm |
| ISBN 978-7-5194-5525-5:CNY68.00 |
| 撰写本书的各位作者都是来自各个安全领域专家和教授,他们结合我国现有的法律法规,利用发生在我们身边的鲜活而生动的案例,为青少年安全教育工作者和热心安全教育工作的各行业人士提供权威的、科学的、专业的安全指导。为了提高本书的实操性,我们请专业的团队制作了标准的教案,让青少年安全教育指导师的学员们可以更加直观,通俗易懂。通过学习可以让他达到宣传宣讲要求,让他们走进校园,走进社区去指导安全工作,让更多的家长青少年学生受益。 |
| ● |
| 相关链接 |
|
|
|
|
正题名:青少年安全教育指导师培训参考教材
索取号:G634.201/1742
 
预约/预借
| 序号 | 登录号 | 条形码 | 馆藏地/架位号 | 状态 | 备注 |
| 1 | 1256031 | 212560316 | 第一样本阅览室/ [索取号:G634.201/1742] | 在馆 | |
| 2 | 1256032 | 212560325 | 教育系资料室/ [索取号:G634.201/1742] | 在馆 | |
| 3 | 1256033 | 212560334 | 教育系资料室/ [索取号:G634.201/1742] | 在馆 | |
| 4 | 1256034 | 212560343 | 第四借阅区/ [索取号:G634.201/1742] | 在馆 | |
| 5 | 1256035 | 212560352 | 第四借阅区/ [索取号:G634.201/1742] | 在馆 |